000 00511nam a2200181Ia 4500
008 240925s9999 xx 000 0 und d
020 _a9789386217646
082 _a620.00151 PUN
100 _aPundir, Sudhir K.
245 0 _aNumerical Methods in Science and Engineering
250 _aNA
260 _aNew Delhi:
_bCBS Publishers and Distributors Pvt. Ltd.
_c,2017.
300 _a342p.
_b0
_fOriginal
500 _aIncludes Index
600 _aElectronic Engineering
650 _aTechnology
942 _cBK
999 _c15367
_d15367